1020 1453 1147 1494 1792 1391 1677 1261 1025 1326 1941 1938 1119 1614 1542 1087 1074 1926 1007 1343 1296 1966 1781 1239 1032 1440 1560 1146 1104 1582 1791 1209 1210 1085 1556 1017 1162 1827 1209 1749 1631 1213 1566 1871 1120 1317 1122 1776 1663 1551 1290 1071 1551 1395 1963 1001 1332 1785 1575 1569 1107 1606 1412 1563 1242 1293 1682 1985 1261 1993 1524 1818 1208 1754 1257 1479 1208 1595 1467 1695 1271 1242 1353 1184 1607 1839 1170 1986 1258 1162 1062 1880 1727 1891 1632 1903 1575 1855 1371 BCNSPRNW ULIB Ver.6.0+V

เปลี่ยนเป็นภาษาไทย

Change to English
 แสดงรายละเอียดบรรณานุกรม
  กลับหน้าหลัก

Brief Record : Get Marc (ISO 2709) : E-mail record : QR code < ปิดหน้าต่าง
LEADER : 00000nam 2200000uu 4500
001    13399121928
003     ULIB
008    121214s2547||||th 000 0 tha d
020    ^a9470502962
060 04 ^aWM172^bส373ค 2547
100 0  ^aสมภพ เรืองตระกูล
245 10 ^aความเครียดและอาการทางจิตเวช /^cสมภพ เรืองตระกูล
250    ^aพิมพ์ครั้งที่ 1
260    ^aกรุงเทพฯ :^bเรือนแก้วการพิมพ์,^c2547
300    ^a360 หน้า
440  0 ^aตำราจิตเวชศาสตร์สำหรับแพทย์เวชศาสตร์ครอบครัวชุดที่ 6
504    ^aมีบรรณานุกรมและดรรชนีประกอบ
650  2 ^aStress
710 20 ^aมหาวิทยาลัยมหิดล.^bคณะแพทยศาสตร์ศิริราชพยาบาล
945    ^p350^l0^i15136
945    ^p350^l0^i13908
945    ^p350^l0^i13910
995    ^aทศพร
999    ^aทศพร เกษรทอง
รายการนี้ยังไม่มีแท็ก
คุณยังไม่ได้ล็อกอิน คุณสามารถมีกิจกรรมร่วมกับเว็บไซต์ได้ แต่ต้องล็อกอินก่อน ::
  ล็อกอิน

รายการสื่อสารสนเทศ

ลำดับที่ ประเภท เลขเรียก/บาร์โค้ด สถานที่ สถานะ
1. วิทยาศาสตร์การแพทย์ และสุขภาพ
วิทยาศาสตร์การแพทย์ และสุขภาพ
WM172 ส373ค 2547 ฉ.1 
  Barcode: 13910
ห้องสมุดวิทยาเขตสวรรค์ประชารักษ์
►หนังสือทั่วไป
บนชั้น
2. วิทยาศาสตร์การแพทย์ และสุขภาพ
วิทยาศาสตร์การแพทย์ และสุขภาพ
WM172 ส373ค 2547 ฉ.2 
  Barcode: 13908
ห้องสมุดวิทยาเขตสวรรค์ประชารักษ์
►หนังสือทั่วไป
บนชั้น
3. วิทยาศาสตร์การแพทย์ และสุขภาพ
วิทยาศาสตร์การแพทย์ และสุขภาพ
WM172 ส373ค 2547 ฉ.3 
  Barcode: 15136
ห้องสมุดวิทยาเขตสวรรค์ประชารักษ์
►หนังสือทั่วไป
บนชั้น

รายการใกล้เคียง
    ผู้แต่ง [สมภพ เรืองตระกูล]

    หัวเรื่อง [Stress]

BibComment


ยังไม่เคยถูกคอมเมนท์

คอมเมนท์ทรัพยากรรายการนี้
  คอมเมนท์: ความเครียดและอาก..


 Copyright 2026. Bcnsprnw @Library